Bianca Belair's Wrestlemania Opponents - Statistics

General Stats
  • This quiz has been taken 125 times
    58 since last reset
  • The average score is 7 of 8
Answer Stats
Wrestlemania Opponent % Correct
Wrestlemania 38 Becky Lynch
96%
WrestleMania 41 Iyo Sky
93%
WrestleMania 41 Rhea Ripley
91%
Wrestlemania 37 Sasha Banks
91%
Wrestlemania 39 Asuka
89%
WrestleMania XL Asuka
89%
WrestleMania XL Dakota Kai
83%
WrestleMania XL Kairi Sane
78%
No matching quizzes found
Score Distribution
Percent of People with Each Score
Percentile by Number Answered
Your Score History
You have not taken this quiz since the last reset